000 01057nmm a2200289 a 4500
001 ocm000703771
003 TR-IsHL
005 20201028142942.0
008 140118s1988 tu tur
007 cr cn
035 _a703771
_b(N$T)
050 0 4 _aDK511.D2
_bM87319 1988
090 0 4 _aDK511.D2
_bM87319 1988
100 1 _aMusayasul, Halil Bek
245 1 0 _aKafkas Dağları'ndan bir öykü: son bahadırların ülkesi
_h[electronic resource] /
_cHalil Bek Musayasul ; yazan Luise Laporte ; çev. Süreyya Ülker
260 _aİstanbul :
_b[Yayınlayan yok],
_c1988
300 _a249 p.
650 4 _aTarih
650 4 _aHistory
650 0 _aMusayasul, Halil Bek, 1896-1949
650 0 _aDağıstan (Rusya)
_x Sosyal Yaşam ve Adetler
650 0 _aDagestan (Russia)
_x Social life and customs
650 7 _aHISTORY / Europe / Russia & the Former Soviet Union
_2bisacsh
700 1 _aLaporte, Luise
700 1 _aÜlker, Süreyya
856 4 0 _uhttp://search.ebscohost.com/login.aspx?direct=true&scope=site&db=e011xww&AN=703771
999 _c8636
_d8636